04785 2202341 4500001002100000005001500021035002000036008004100056245006900097100002000166250000600186260003100192300001200223084001400235082000800249650001400257990001200271990001200283990001200295990001200307990001200319990001200331990001200343990001200355990001200367990001200379990001200391990001200403990001200415990001200427990001200439990001200451990001200463990001200475990001200487990001200499990001200511990001200523990001200535990001200547990001200559990001200571990001200583990001200595990001200607990001200619990001200631990001200643990001200655990001200667990001200679990001200691990001200703990001200715990001200727990001200739990001200751990001200763990001200775990001200787990001200799990001200811990001200823990001200835990001200847990001200859990001200871990001200883990001200895990001200907990001200919990001200931990001200943990001200955990001200967990001200979990001200991990001201003990001201015990001201027990001201039990001201051990001201063990001201075990001201087990001201099990001201111990001201123990001201135990001201147990001201159990001201171990001201183990001201195990001201207990001201219990001201231990001201243990001201255990001201267990001201279990001201291990001201303990001201315990001201327990001201339990001201351990001201363990001201375990001201387990001201399990001201411990001201423990001201435990001201447990001201459990001201471990001201483990001201495990001201507990001201519990001201531990001201543990001201555990001201567990001201579990001201591990001201603990001201615990001201627990001201639990001201651990001201663990001201675990001201687990001201699990001201711990001201723990001201735990001201747990001201759990001201771990001201783990001201795990001201807990001201819990001201831990001201843990001201855990001201867990001201879990001201891990001201903990001201915990001201927990001201939990001201951990001201963990001201975990001201987990001201999990001202011990001202023990001202035990001202047990001202059990001202071990001202083990001202095990001202107990001202119990001202131990001202143990001202155990001202167990001202179990001202191990001202203990001202215990001202227990001202239990001202251990001202263990001202275990001202287990001202299990001202311990001202323990001202335990001202347990001202359990001202371990001202383990001202395990001202407990001202419990001202431INLIS00000000000013520240502110155 a0010-0424000111240502 0 ind 1 aBuku Siswa Fisika 3 Peminatan ( Edisi Revisi ) /cKetut Kamajaya aKamajaya, Ketut a1 aBandung :bGrafindo,c2018 a264 hlm a530 KET f a530 4aNon Fiksi a0736484 a0736485 a0736486 a0736487 a0736488 a0736489 a0736490 a0736491 a0736492 a0736493 a0736494 a0736495 a0736496 a0736497 a0736498 a0736499 a0736500 a0736501 a0736502 a0736503 a0736504 a0736505 a0736506 a0736507 a0736508 a0736509 a0736510 a0736511 a0736512 a0736513 a0736514 a0736515 a0736516 a0736517 a0736518 a0736519 a0736520 a0736521 a0736522 a0736523 a0736524 a0736525 a0736526 a0736527 a0736528 a0736529 a0736530 a0736531 a0736532 a0736533 a0736534 a0736535 a0736536 a0736537 a0736538 a0736539 a0736540 a0736541 a0736542 a0736543 a0736544 a0736545 a0736546 a0736547 a0736548 a0736549 a0736550 a0736551 a0736552 a0736553 a0736554 a0736555 a0736556 a0736557 a0736558 a0736559 a0736560 a0736561 a0736562 a0736563 a0736564 a0736565 a0736566 a0736567 a0736568 a0736569 a0736570 a0736571 a0736572 a0736573 a0736574 a0736575 a0736576 a0736577 a0736578 a0736579 a0736580 a0736581 a0736582 a0736583 a0736584 a0736585 a0736586 a0736587 a0736588 a0736589 a0736590 a0736591 a0736592 a0736593 a0736594 a0736595 a0736596 a0736597 a0736598 a0736599 a0736600 a0736601 a0736602 a0736603 a0736604 a0736605 a0736606 a0736607 a0736608 a0736609 a0736610 a0736611 a0736612 a0736613 a0736614 a0736615 a0736616 a0736617 a0736618 a0736619 a0736620 a0736621 a0736622 a0736623 a0736624 a0736625 a0736626 a0736627 a0736628 a0736629 a0736630 a0736631 a0736632 a0736633 a0736634 a0736635 a0736636 a0736637 a0736638 a0736639 a0736640 a0736641 a0736642 a0736643 a0736644 a0736645 a0736646 a0736647 a0736648 a0736649 a0736650 a0736651 a0736652 a0736653 a0736654 a0736655 a0736656 a0736657 a0736658 a0736659 a0736660 a0736661 a0736662 a0736663 a0736664